00438nam a2200157Ia 4500003000400000005001700004008004100021020001500062040000900077082002000086100002600106245008100132260004500213300000900258650001300267OSt20260416152737.0190216s9999||||xx |||||||||||||| ||und|| a8171803903 coclc a894.8124bYAT/K aYati, Nitya Chaitanya 0aKumaranasan :bAshane Pattiyulla Moonu Prabandhangal /cNitya Chaitanya Yati bPoorna Publications, aKozhikode:c1994. a130p aLekhanam